000 00775nam a2200217 a 4500
001 BRCA_6963
005 20190320205648.0
008 221111s1930----u--#######---#000-0#eng-#
041 _aeng
044 _au
050 4 _aPC4640
_b.H8 1930
245 1 0 _aHugo’s pocket dictionary
_bSpanish-English and English-Spanish
_cimitated pronunciation of every word; comparative tables of measure, weights and currencies; lists of geographical names, etc.
260 _aPhiladelphia
_bDavid McKay company
_cc1930
300 _axvi, 624 p.
_c12 cm.
500 _aDiccionario inventariado por Banco de México como libro
500 _aL172a
650 1 4 _aEspañol
_vDiccionarios
_xInglés
_95934
650 1 4 _aInglés
_vDiccionarios
_xEspañol
_95933
902 _aGFM
942 _2lcc
_cB
999 _c6645
_d6645